| 000 | 00597nam a22002057a 4500 | ||
|---|---|---|---|
| 008 | 150511b xxu||||| |||| 00| 0 eng d | ||
| 020 | _a9780073375359 (alk. paper) | ||
| 020 | _a0073375357 (alk. paper) | ||
| 041 | 0 | _aeng | |
| 080 | _a320.91 | ||
| 100 | _aKelley, David S. | ||
| 245 |
_aPro/ENGINEER Wildfire instructor / _cDavid S. Kelley. |
||
| 260 |
_aNew York, NY : _bMcGraw-Hill, _cc2011. |
||
| 300 |
_a556 f _bme il _c27 cm. |
||
| 490 | 0 | _aMcGraw-Hill graphics series | |
| 505 | _aIndex: f.549-556 | ||
| 650 | _aDizajni i kompjuterëve | ||
| 650 | _aVizatimi mekanik | ||
| 942 |
_2udc _cBK |
||
| 999 |
_c724 _d724 |
||